İvan Pavlov : (Record no. 23952)
| 000 -BAŞLIK | |
|---|---|
| Sabit Uzunluktaki Kontrol Alanı | 01395nam a22003617a 4500 |
| 001 - KONTROL NUMARASI | |
| Control Dosyası | 0023999 |
| 003 - KONTROL NUMARASI KİMLİĞİ | |
| Kontrol Alanı | KOHA_MİRAKIL |
| 005 - EN SON İŞLEM TARİHİ ve ZAMANI | |
| Kontrol Alanı | 20260207002427.0 |
| 007 - FİZİKSEL TANIM SABİT ALAN - GENEL BİLGİ | |
| Sabit uzunluklu kontrol alanı | ta |
| 008 - SABİT UZUNLUKTAKİ VERİ ÖGELERİ - GENEL BİLGİ | |
| Sabit Alan | 101108b2003 tu |||gr||||#||||0|tur | |
| 020 ## - ISBN - ULUSLARARASI STANDART KİTAP NUMARASI | |
| Isbn | 9754033021 |
| Kullanılabilirlik koşulları | 0,01 |
| 040 ## - KATALOGLAMA KAYNAĞI | |
| Özgün Kataloglama Kurumu | TR-BiSEU |
| Kataloglama Dili | tur |
| Çeviri Kurumu | TR-BiSEU |
| Açıklama Kuralları | rda |
| 041 0# - DİL KODU | |
| Metin ya da ses kaydının dil kodu | tur |
| 044 ## - YAYINLAYAN/ÜRETEN KURULUŞUN ÜLKE KODU | |
| ISO country code | tu |
| 050 ## - SINIFLAMA ve YER NUMARASI | |
| Sınıflama Numarası | QP26.P35 |
| Yer Numarası | T63 2003 |
| 100 1# - KİŞİ ADI | |
| Yazar Adı (Kişi adı) | Todes, Daniel Philip. |
| 245 1# - ESER ADI BİLDİRİMİ | |
| Başlık | İvan Pavlov : |
| Alt Eseradı vb. | hayvan makinesini araştırıken=Ivan Pavlov :exploring the animal machine/ |
| Sorumluluk Bildirimi | Daniel Philip Todes ; Daniel Todes; çeviren Ebru Kılıç. |
| 264 #1 - ÜRERİM, YAYIN, DAĞITIM ve TELİF BİLDİRİMİ | |
| Yayın yeri | Ankara : |
| Yayınlayan | TÜBİTAK Popüler Bilim Kitapları |
| Yayın tarihi | 2003 |
| 300 ## - FİZİKSEL TANIMLAMA | |
| Sayfa, Cilt vb. | 118 sayfa: resimli; 24 cm. |
| 336 ## - İÇERİK TÜRÜ | |
| Content type term | metin |
| Content type code | txt |
| Source | rdacontent |
| 337 ## - MEDYA TÜRÜ | |
| Media type term | aracısız |
| Media type code | n |
| Source | rdamedia |
| 338 ## - TAŞIYICI TÜRÜ | |
| Carrier type term | cilt |
| Carrier type code | nc |
| Source | rdacarrier |
| 490 1# - DİZİ BİLDİRİMİ | |
| Dizi Bildirimi | TÜBİTAK Popüler Bilim Kitapları ; |
| Cilt Numarası | 181. |
| 490 1# - DİZİ BİLDİRİMİ | |
| Dizi Bildirimi | Yaşamöyküsü Kitaplığı ; |
| Cilt Numarası | 6. |
| 500 ## - GENEL NOT | |
| Genel Not | Eserin özgün adı :Ivan Pavlov :exploring the animal machine. |
| 500 ## - GENEL NOT | |
| Genel Not | Dizin var. |
| 650 #0 - KONU BAŞLIĞI EK GİRİŞ - KONU TERİMİ | |
| Konusal terim veya coğrafi ad | Pavlov, Ivan Petrovich, 1849-1936. |
| 9 (RLIN) | 49237 |
| 650 #0 - KONU BAŞLIĞI EK GİRİŞ - KONU TERİMİ | |
| Konusal terim veya coğrafi ad | Fizyologlar--Rusya (Federasyon)--Biyografi--Çocuk edebiyatı. |
| 9 (RLIN) | 49238 |
| 650 #0 - KONU BAŞLIĞI EK GİRİŞ - KONU TERİMİ | |
| Konusal terim veya coğrafi ad | Physiologists--Russia (Federation)--Biography--Juvenile literature. |
| 9 (RLIN) | 49239 |
| 830 1# - SERİ EK GİRİŞİ - TEKBİÇİM ESER ADI | |
| Tekbiçim Başlık | TÜBİTAK Popüler Bilim Kitapları ; |
| Volume number/sequential designation | 181. |
| 9 (RLIN) | 4344 |
| 830 1# - SERİ EK GİRİŞİ - TEKBİÇİM ESER ADI | |
| Tekbiçim Başlık | Yaşamöyküsü Kitaplığı ; |
| Volume number/sequential designation | 6. |
| 9 (RLIN) | 49240 |
| 942 ## - EK GİRİŞ ÖGELERİ (KOHA) | |
| Source of classification or shelving scheme | Library of Congress Classification |
| Koha item type | Book |
| Materyal Türü | Kalıcı Konum | Mevcut Konum | Raf Yeri | Sınıflandırma Kaynağı | Edinim Bilgisi | Ana Konular | Alt Konular | Yer Numarası | Demirbaş Numarası | Fatura Tarihi | Geri Çekilme Durumu | Kayıp Durumu | Hasarlı Durumu | Kredi için değil | Kayıt Tarih | Toplam Ödünçverme | Son Görülme Tarihi | Son Kontrol Tarihi | Genel / Bağış Notu |
|---|---|---|---|---|---|---|---|---|---|---|---|---|---|---|---|---|---|---|---|
| Book | Prof. Dr. Azmi Özcan Kütüphanesi | Prof. Dr. Azmi Özcan Kütüphanesi | Birûni Salonu | Library of Congress Classification | Bağış | BİLİM | Fizyoloji | QP26.P35 T63 2003 | 0023999 | 02/02/2026 | 08/11/2010 | 2 | 05/12/2024 | 05/12/2024 | Genel Bağış |
